NLSUI OPAC header image

Child rights bill, 2005 lacks a clear understanding of the problems of abused children (Record no. 36432)

MARC details
000 -LEADER
fixed length control field 00414nam a2200157Ia 4500
008 - FIXED-LENGTH DATA ELEMENTS--GENERAL INFORMATION
fixed length control field 160316s2005 xxu||||| |||| 00| 0 eng d
082 ## - DEWEY DECIMAL CLASSIFICATION NUMBER
Classification number 364.153000
Item number SHA
100 ## - MAIN ENTRY--PERSONAL NAME
Personal name Sharma Parul
245 ## - TITLE STATEMENT
Title Child rights bill, 2005 lacks a clear understanding of the problems of abused children
250 ## - EDITION STATEMENT
Edition statement
260 ## - PUBLICATION, DISTRIBUTION, ETC.
Place of publication, distribution, etc.
Name of publisher, distributor, etc. CED
Date of publication, distribution, etc. 2005
300 ## - PHYSICAL DESCRIPTION
Extent 1
Other physical details
Dimensions
365 ## - TRADE PRICE
Price amount
650 ## - SUBJECT ADDED ENTRY--TOPICAL TERM
Topical term or geographic name entry element 1. Child rights bill
700 ## - ADDED ENTRY--PERSONAL NAME
Personal name
--
Holdings
Withdrawn status Lost status Damaged status Not for loan Home library Current library Shelving location Date acquired Total Checkouts Full call number Barcode Date last seen Price effective from Koha item type
        . .   30.05.2017   364.153 SHA REP300023 30.05.2017 30.05.2017 Repository